The unified modeling language reference manual

Αποθηκεύτηκε σε:
Λεπτομέρειες βιβλιογραφικής εγγραφής
Κύριος συγγραφέας: Rumbaugh, James
Άλλοι συγγραφείς: Jacobson, Ivar, Booch, Grady
Μορφή: Βιβλίο
Γλώσσα:English
Δημοσίευση: Reading, Mass. : Addison-Wesley, c1999
Σειρά:Addison-Wesley object technology series
Θέματα:
Ετικέτες: Προσθήκη ετικέτας
Δεν υπάρχουν, Καταχωρήστε ετικέτα πρώτοι!

MARC

LEADER 00000nam a2200000 i 4500
001 1/94781
008 991203s1999 eng d
020 |a 020130998X 
035 |l 10054984 
040 |a GR-MY-UA  |b gre  |e aacr 
041 0 |a eng 
082 0 |a 005.1 
100 1 |a Rumbaugh, James. 
245 1 4 |a The unified modeling language reference manual /  |c James Rumbaugh, Ivar Jacobson, Grady Booch 
260 |a Reading, Mass. :   |b Addison-Wesley,   |c c1999 
300 |a xvii, 550 σ.;  |b εικ.;  |c 24 εκ.+  |e 1 computer laser optical disc (4 3/4 in.) 
490 1 |a Addison-Wesley object technology series 
504 |a Περιέχει βιβλιογραφικές αναφορές και ευρετήριο 
650 0 0 |a Computer software  |x Development. 
650 0 0 |a UML (Computer science) 
700 1 |a Jacobson, Ivar. 
700 1 |a Booch, Grady. 
830 0 |a Addison-Wesley object technology series 
852 |a INST  |b SAMOS  |e 19991203  |h 005.1 RUM  |p 005300016505  |q 005300016505  |t BK  |y 0 
852 |a INST  |b SAMOS  |e 19991203  |h 005.1 RUM   |p 005300015656  |q 005300015656  |t BK  |y 0 
901 |a BIBL3-1999-3 
909 |a Σ  |b 069843 
909 |a Σ  |b 069844 
922 |a 3ΕΛΗ  |b 199911  |c ΤΠΕΣ  |d ΠΑΠΑΣΩΤΗΡΙΟΥ 
950 |a 133-1999-07-20 
970 |a ΠΟΥΡΝΑΡΑΣ  |b ΔΗΜΗΤΡΗΣ  |z 1999/12/03